Beirut–Rafic Hariri Int. Airport Destinations (Beirut, Lebanon) - Statistics

General Stats
  • This quiz has been taken 296 times
    106 since last reset
  • The average score is 48 of 65
Answer Stats
Airline Destination % Correct
Air France/Middle East Airlines Paris (Charles de Gaulle)
99%
Transavia Paris (Orly)
99%
Middle East Airlines/Turkish Airlines Istanbul
97%
Pegasus Airlines Istanbul (Sabiha Gökçen)
97%
Emirates/flydubai/Middle East Airlines Dubai (International)
96%
Egyptair/Middle East Airlines Cairo
95%
Middle East Airlines/Qatar Airways Doha
95%
Middle East Airlines/Saudia Riyadh
95%
Air Arabia/Etihad Airways/Middle East Airlines Abu Dhabi
93%
Iraqi Airways/Middle East Airlines/UR Airlines Baghdad
93%
Eurowings/Sundair Berlin
93%
AJet Ankara
92%
Jazeera Airways/Kuwait Airways/Middle East Airlines Kuwait City
92%
Middle East Airlines Rome (Fiumicino)
92%
Air Algérie Algiers
90%
Middle East Airlines/Royal Jordanian Amman (Queen Alia)
90%
Lufthansa/Middle East Airlines Frankfurt
90%
Middle East Airlines London (Heathrow)
90%
Iran Air/Mahan Air Tehran (Imam Khomeini)
90%
Swiss International Air Lines Zürich
90%
Aegean Airlines/Middle East Airlines Athens
89%
Middle East Airlines Milan (Malpensa)
89%
Eurowings/Scandinavian Airlines Stockholm (Arlanda)
89%
LOT Polish Airlines Warsaw (Chopin)
89%
Ethiopian Airlines Addis Ababa
88%
Middle East Airlines/Vueling Barcelona
88%
Middle East Airlines/Scandinavian Airlines Copenhagen
88%
Middle East Airlines Madrid
88%
Transavia Amsterdam
86%
Middle East Airlines/Saudia Jeddah
86%
TAROM Bucharest (Otopeni)
84%
AJet/Corendon Airlines/Pegasus Airlines/SunExpress/Turkish Airlines Antalya
82%
Cyprus Airways/Middle East Airlines Larnaca
81%
Salam Air Muscat
81%
Georgian Airways/Middle East Airlines Tbilisi
81%
Middle East Airlines Geneva
79%
Transavia Lyon
79%
Middle East Airlines Brussels
74%
Middle East Airlines/Saudia Medina
74%
Middle East Airlines Dammam
73%
AJet/SunExpress İzmir
73%
Transavia Marseille
73%
Middle East Airlines Yerevan
71%
Middle East Airlines Nice
67%
AJet/Pegasus Airlines/Turkish Airlines Adana/Mersin
64%
Eurowings Hamburg
64%
Middle East Airlines/UR Airlines Erbil
63%
Condor/Eurowings/Middle East Airlines Düsseldorf
60%
Air Cairo/Petroleum Air Services/Red Sea Airlines Sharm El Sheikh
60%
Iraqi Airways/Middle East Airlines Basra
59%
Air Arabia Sharjah
59%
AJet/Pegasus Airlines/Turkish Airlines Bodrum
53%
Middle East Airlines Accra
49%
Eurowings Hannover
48%
Middle East Airlines Abidjan
47%
AJet/Corendon Airlines/Pegasus Airlines Dalaman
47%
Petroleum Air Services Hurghada
44%
Iraqi Airways/Middle East Airlines/UR Airlines Najaf
44%
Mahan Air Mashhad
42%
Middle East Airlines Lagos
37%
Iraqi Airways Sulaymaniyah
33%
Sundair Bremen
26%
Middle East Airlines Mykonos
26%
Eurowings Salzburg
22%
Air Cairo El Alamein
14%
No matching quizzes found
Score Distribution
Percent of People with Each Score
Percentile by Number Answered
Your Score History
You have not taken this quiz since the last reset